000 00449nam a2200193Ia 4500
008 210210b1953 xxu||||| |||| 00| 0 eng d
041 _aeng
082 _a824/268
100 _aRESSE (M M)
245 _aShakespeare his world and his work
260 _aLondon
_bEdward Arnold & Co
_c1953
650 _aworld
650 _awork
650 _aShakespeare
650 _ahis
650 _aand
690 _aEnglish Criticism
906 _a014218
999 _c133321
_d133321